000 00693nam a2200217 a 4500
005 20140311163039.0
008 110930s19uu xx 00 eng d
020 _a9780240810829
050 _aPN 1995.9
_b.P7K538 2009
100 _aMusburger, Robert
245 _aIntroduction to media production :
_bthe path to digital media production /
_cRobert Musburger and Gorham Kindem.
250 _a4th ed.
260 _aAmsterdam :
_bElsevier,
_c2009.
300 _a509 p. :
_bill. ;
_c27 cm.
521 _aMC
650 _aMotion pictures
_xProduction and direction
650 _aTelevision
_xProduction and direction
700 _aKindem, Gorham
942 _cBK
_2lcc
_kFOR
999 _c39723
_d39723